000 00888nam a2200253 a 4500
001 000041269
003 DO-SdBNP
005 20260321073643.0
008 130927s 2009 dr ac 001 0bspa d
020 _a9945130234
040 _aDO-SdBNP
_bspa
_cBNPHU
049 _aBNPD
082 _aBNPHU PD 923.27293
_bB742L
100 1 _aLeón, Luis de
_943314
245 1 0 _aMemorias de Don Juan :
_bantología íntima y personal del prof. Juan Bosch /
_cLuis de León.
260 _aSanto Domingo :
_bCultura Hispanoamericana,
_c2009.
300 _a276 p. :
_bil., retrs. ;
_c24 cm.
500 _aIncluye datos biográficos del autor en la solapa de la cubierta.
600 1 0 _a Bosch, Juan,
_d1909-2001
_976555
650 1 4 _aPolíticos
_zRepública Dominicana
_91349
651 1 0 _aRepública Dominicana
_xPolítica y gobierno
_945
910 _aValidado. Control de calidad EMS
942 _2ddc
_cLBS1
999 _c40759
_d40759